Historical Figures A to Z #3 - Statistics

General Stats
  • This quiz has been taken 33 times
  • The average score is 13 of 26
Answer Stats
Hint Answer % Correct
A Philosopher who schooled Alexander the Great Aristotle
97%
H Created the Model T (and a failed worker town in Brazil named after him) Henry Ford
87%
P c² = a² + b² Pythagoras
81%
R King of England who fought in the third crusade Richard the Lionheart
81%
E Author of The Old Man and the Sea Ernest Hemingway
71%
W The most famous composer of all time Wolfgang Amadeus Mozart
71%
G Effigies of this fundamentalist terrorist are burned nationwide in the UK Guy Fawkes
68%
N Christian wonderworker and the inspiration of Santa Claus Saint Nicholas
68%
C 30th President of the USA, gained a reputation as a small-government conservative Calvin Coolidge
65%
T Inventor of the phonograph Thomas Edison
61%
D Final Emperor of Persia Darius III
58%
F German philosopher who said "God is dead" Friedrich Nietzsche
58%
O Military dictator who executed Charles the I Oliver Cromwell
55%
Q American composer who produced the charity song "We Are the World" Quincy Jones
55%
I Sci-Fi writer who was the professor of biochemistry at Boston University Isaac Asimov
48%
V Roman poet who guided Dante Vergil (Publius Vergilius Maro)
45%
J Seductive Queen of Israel who orchestrated an execution to secure a vineyard Jezebel
42%
L Communist leader under whom there was a era of stagnation Leonid Brezhnev
39%
S Greek who wrote more than 120 plays, but only 7 were fully perserved Sophocles
32%
B Famous WWII general nicknamed "Monty" Bernard Montgomery
19%
M Roman lawyer who coined the term "Summum Bonum" (trans. "highest good") Marcus Tullius Cicero
16%
U The second Rashidun caliph Umar ibn al-Khattab
16%
X The Greek philosopher from before Socrates who wrote some of the earliest satires Xenophanes
13%
K Philosopher of science who created a criterion for falsifiability Karl Popper
10%
Y Soviet particle accelerator physicist turned prisoner of conscience Yuri Orlov
6%
Z Chinese polymath also known as Pingzi Zhang Heng
3%
No matching quizzes found
Score Distribution
Percent of People with Each Score
Percentile by Number Answered
Your Score History
You have not taken this quiz